| 000 | 00406nam a2200157Ia 4500 | ||
|---|---|---|---|
| 008 | 210716s2004 xx 000 0 und d | ||
| 020 | _a8126504773 | ||
| 041 | _aeng | ||
| 082 | _a005.26301 DESM | ||
| 100 | _aDesmond, Michael. | ||
| 245 | _aMicrosoft office 2003 in 10 simple steps or less. | ||
| 250 | _a1 | ||
| 260 |
_aNew Delhi _bWiley Publishing Inc. _c2004 |
||
| 300 | _axix,618 | ||
| 650 | _aNone | ||
| 999 |
_c187728 _d187728 |
||